书目信息 |
| 题名: |
室内家居设计图集
|
|
| 作者: | 瑞雅 著 | |
| 分册: | 空间的语言 | |
| 出版信息: | 北京 中国轻工业出版社 2004.01 |
|
| 页数: | 240页 | |
| 开本: | 28cm | |
| 丛书名: | ||
| 单 册: | ||
| 中图分类: | TU241 | |
| 科图分类: | ||
| 主题词: | 民用建筑--建筑设计 | |
| 电子资源: | ||
| ISBN: | 7-5019-4219-6 | |
| 000 | 00656nam 2200217 450 | |
| 001 | 1156715992 | |
| 005 | 20111227154725.76 | |
| 010 | @a7-5019-4219-6@dCNY128.00 | |
| 100 | @a20111227d2004 km y0chiy0120 ea | |
| 101 | 0 | @achi |
| 102 | @aCN@b110000 | |
| 105 | @aa z 000yy | |
| 200 | 1 | @a室内家居设计图集@Ashi nei jia ju she ji tu ji@i空间的语言@f瑞雅著@Frui ya zhu |
| 210 | @a北京@c中国轻工业出版社@d2004.01 | |
| 215 | @a240页@c彩图@d28cm | |
| 517 | 1 | @a空间的语言@Akong jian de yu yan |
| 606 | 0 | @a民用建筑@x建筑设计 |
| 690 | @aTU241@v4 | |
| 701 | 0 | @a瑞雅@Arui ya@4著 |
| 801 | 0 | @aCN@bZZRC@c20111227 |
| 905 | @a郑州市财税学校图书馆@dTU241@eR9381@f3 | |
| 室内家居设计图集.空间的语言/瑞雅著.-北京:中国轻工业出版社,2004.01 |
| 240页:彩图;28cm |
| ISBN 7-5019-4219-6:CNY128.00 |
| ● |
| 相关链接 |
|
|
|
正题名:室内家居设计图集
索取号:TU241/R9381
 
预约/预借
| 序号 | 登录号 | 条形码 | 馆藏地/架位号 | 状态 | 备注 |
| 1 | 1181460 | 211814606 | 建筑库101/101建筑库 58排7列1层/ [索取号:TU241/R9381] | 在馆 | |
| 2 | 1181461 | 211814615 | 建筑与城市规划学院资料室/101建筑库 31排2列1层/ [索取号:TU241/R9381] | 在馆 | |
| 3 | 1181462 | 211814624 | 建筑库101/101建筑库 58排7列1层/ [索取号:TU241/R9381] | 在馆 |